000 00349nam a2200133Ia 4500
008 151001s9999||||xx |||||||||||||| ||und||
100 _aअनंत तिबिले
245 _aबंदिनी
250 _a1
260 _bशितल मेहता कोल्हापूर
260 _c2013
300 _a240
365 _b18
999 _c1001802
_d1001799